000 00323nam a2200157Ia 4500
100 _aLammle/ Todd
250 _a1
942 _cBK
654 _acomputer
245 _aMCSE Test Success: Networking Ess
260 _bB.P.B.
_aNONE
_c1998
082 _a4.6
_bLAM
300 _a361
546 _aENGLISH
999 _c28882
_d28882